000 00531cam a22001812 4500
001 0000000457
005 20151217155801.0
008 070202s xx 000 0 eng d
040 _aKABU
_cKABU
050 0 _aDT351
_b.S7S65
100 1 _aSmith, Fredrika Shumway.
_@0000042977
245 1 0 _aStanley :
_ban African explorer /
_cFredrika Shumway Smith.
260 _aFolkeston, England :
_bBailey Bross,
_c1972.
300 _a240 p.
908 _a070202
950 _@1
999 _c12325
_d12325